REZONANSNYE KOLEBANIJA GORIZONTAĽNOGO ŽESTKOGO ROTORA VRAŠČAJUŠČEGOSJA V DVUCH UPRUGICH OPORACH

Bibliographic Details
Main Authors: Berger, E. G. (Author), Keľzon, A. S. (Author)
Format: Article
Language:Russian

MARC

LEADER 00000nab a2200000uu 4500
001 vtls011456966
003 SK-MaSNL
005 20260303180714.0
008 230629|1969 xo |||||||||||||||||rus|
015 |a SNBRB 
035 |a (urnnbn)urn:nbn:sk:snk:ar-a09s2l 
035 |a (uuid)0a8f4629-1606-477e-a291-453d51da963e 
035 |a urn:nbn:sk:snk-abcrnx 
040 |a SNKBUCL  |b slo  |c SNKBUCL  |e AACR2 
041 0 |a rus 
044 |a xo  |c SK 
100 1 |a Berger, E. G.  |4 aut  |9 1206857 
245 1 0 |a REZONANSNYE KOLEBANIJA GORIZONTAĽNOGO ŽESTKOGO ROTORA VRAŠČAJUŠČEGOSJA V DVUCH UPRUGICH OPORACH  |c E. G. Berger, A. S. Keľzon 
700 1 |a Keľzon, A. S.  |4 aut  |9 1181333 
773 0 |t Strojnícky časopis  |g Roč. 20, č. 4 (1969), s. 376-384 
958 |a OND 
958 |a EUIPO 
958 |a article16 
999 |c 2107421  |d 2109351